| 000 | 00346nam a22001337a 4500 | ||
|---|---|---|---|
| 020 | _a9788184875775 | ||
| 040 | _cNUST | ||
| 082 |
_a629.892 _bPRA |
||
| 100 |
_aPratihar, D. K. _9127902 |
||
| 245 |
_aFundamentals of Robotics / _cD.K. Pratihar |
||
| 260 |
_aIndia : _bNarosa Pub, _c2017. |
||
| 300 |
_a181p. ; _bPaperback, _c24cm. |
||
| 942 |
_2ddc _cBK |
||
| 999 |
_c612910 _d612910 |
||